000 00872nam a2200265Ia 4500
003 OSt
005 20220925205750.0
006 a|||||r|||| 00| 0
007 ta
008 220923b |||||||| |||| 00| 0 eng d
020 _a0824822471
_c3133.48
037 _b1061/Pound40.00, 27/04/2000, Efficient
_cGeneral Book
040 _aRTL
_cRTL
_beng
041 _2eng
_aeng
082 _aY38.4.N9, N9
100 _aYoshino Kosaku Ed.
_9270973
245 0 _aConsuming ethnicity and nationalism
_b Asia experiences
260 _aHonolulu
_bUniversity of Hawai's Press
_c1999
300 _axi,202p
_ccm.
490 _aConsum asian book series
500 _aBibliography chapterwise
650 _aNationalism Sociology
942 _hY38.4.N9, N9
_cGB
_2CC
999 _c553141
_d553141